[Event "POL-chT 2nd League"]
[Site "Jastrzebia Gora"]
[Date "2023.09.09"]
[Round "8.97"]
[White "Markiewicz, Jerzy"]
[Black "Jarmula, Pawel"]
[Result "0-1"]
[WhiteElo "2159"]
[BlackElo "2222"]
[PlyCount "74"]
[EventDate "2023.09.02"]
[EventType "team-swiss"]
[EventRounds "9"]
[EventCountry "POL"]
[SourceTitle "CBM 216 Extra"]
[Source "ChessBase"]
[SourceDate "2023.11.30"]
[SourceVersion "1"]
[SourceVersionDate "2023.11.30"]
[SourceQuality "1"]
[WhiteTeam "Pilzno Hetman"]
[BlackTeam "Skoczek Trojanski"]
[WhiteTeamCountry "POL"]
[BlackTeamCountry "POL"]

1. e4 c6 2. d4 d5 3. e5 Bf5 4. h4 h5 5. Bd3 Bxd3 6. Qxd3 e6 7. Nf3 Qa5+ 8. Nbd2 Nh6 9. 0-0 Nf5 10. c4 Be7 11. g3 0-0 12. Rd1 Rd8 13. c5 b6 14. Nb3 Qa4 15. Bg5 Bxg5 16. Nxg5 Nd7 17. Rac1 Rab8 18. Rd2 bxc5 19. Nxc5 Nxc5 20. Rxc5 Qxa2 21. Qe2 g6 22. Rxc6 Rdc8 23. Rxc8+ Rxc8 24. Qb5 Qc4 25. Qb7 Qc7 26. Qa6 Rb8 27. Kg2 Rb4 28. Nf3 Kg7 29. Qa3 Qb6 30. Qc3 Rc4 31. Qd3 Qb4 32. Kh2 a5 33. Kg2 Qb6 34. Kh2 Rb4 35. Qe2 Nxd4 36. Rxd4 Rxd4 37. Qe3 Rb4 0-1

[Event "POL-chT 2nd League"]
[Site "Jastrzebia Gora"]
[Date "2022.09.10"]
[Round "8.80"]
[White "Markiewicz, Jerzy"]
[Black "Gradowski, Jacek"]
[Result "1-0"]
[WhiteElo "2205"]
[BlackElo "2069"]
[PlyCount "90"]
[EventDate "2022.09.03"]
[EventType "team-swiss"]
[EventRounds "9"]
[EventCountry "POL"]
[SourceTitle "CBM 210 Extra"]
[Source "ChessBase"]
[SourceDate "2022.11.30"]
[SourceVersion "1"]
[SourceVersionDate "2022.11.30"]
[SourceQuality "1"]
[WhiteTeam "Pilzno GKSz Hetman"]
[BlackTeam "Lodz Okucia Budowlane"]
[WhiteTeamCountry "POL"]
[BlackTeamCountry "POL"]

1. e4 e5 2. Nf3 Nc6 3. d4 exd4 4. Nxd4 Bc5 5. Nb3 Bb6 6. Qe2 d6 7. Be3 Be6 8. Nc3 Nge7 9. 0-0-0 Qc8 10. Bxb6 axb6 11. Kb1 0-0 12. Qe3 f5 13. f4 fxe4 14. Qxe4 d5 15. Qe3 Nf5 16. Qf2 d4 17. Nb5 Ne3 18. Rd2 Bxb3 19. cxb3 Nxf1 20. Qxf1 Qf5+ 21. Qd3 Qxf4 22. Nxd4 Rad8 23. Qc4+ Kh8 24. Rhd1 Qe4+ 25. Qc2 Qxc2+ 26. Kxc2 Rxd4 27. Rxd4 Nxd4+ 28. Rxd4 Rf2+ 29. Rd2 Rxd2+ 30. Kxd2 Kg8 31. Kd3 Kf7 32. a4 Ke6 33. Kd4 Kd6 34. b4 Ke6 35. a5 Kd6 36. Kc4 bxa5 37. bxa5 c6 38. b3 Kd7 39. Kc5 Kc7 40. h4 h5 41. g3 Kc8 42. Kb6 Kb8 43. b4 g6 44. a6 bxa6 45. Kxc6 Ka7 1-0

[Event "Warsaw Najdorf Memorial op-A 19th"]
[Site "Warsaw"]
[Date "2022.07.15"]
[Round "7"]
[White "Sriram, Jha"]
[Black "Markiewicz, Jerzy"]
[Result "1-0"]
[WhiteElo "2361"]
[BlackElo "2205"]
[PlyCount "131"]
[EventDate "2022.07.09"]
[EventType "swiss"]
[EventRounds "9"]
[EventCountry "POL"]
[SourceTitle "CBM 209 Extra"]
[Source "ChessBase"]
[SourceDate "2022.09.30"]
[SourceVersion "1"]
[SourceVersionDate "2022.09.30"]
[SourceQuality "1"]

1. d4 d5 2. c4 e6 3. Nc3 a6 4. cxd5 exd5 5. Nf3 c6 6. Bf4 Nf6 7. e3 Bd6 8. Bxd6 Qxd6 9. Qc2 0-0 10. Bd3 c5 11. dxc5 Qxc5 12. Rd1 Qa5 13. 0-0 Nc6 14. Qb3 Qb4 15. Nxd5 Nxd5 16. Qxd5 Be6 17. Qh5 g6 18. Qh6 Qxb2 19. Rb1 Qg7 20. Qxg7+ Kxg7 21. Rxb7 Bxa2 22. Rb6 Nb8 23. Ra1 Bd5 24. e4 Be6 25. Nd4 Bc8 26. Bc4 Nd7 27. Rd6 Ra7 28. f3 Nb8 29. Rb1 Rd7 30. Rxd7 Nxd7 31. Nc6 Re8 32. Ra1 Bb7 33. Na5 Bc8 34. Nb3 Nb8 35. Rc1 Be6 36. Nc5 Bxc4 37. Rxc4 Rd8 38. Ra4 Rd6 39. Kf2 Rc6 40. Ra5 Rb6 41. Ra2 Rc6 42. Nd3 Rb6 43. Nf4 Rb5 44. Ke3 a5 45. Kd3 Nd7 46. Kc4 Rc5+ 47. Kd4 Rb5 48. Nd5 Nb6 49. Nxb6 Rxb6 50. Rxa5 Rb2 51. Rg5 f6 52. Rg3 g5 53. e5 fxe5+ 54. Kc3 Re2 55. Kd3 Ra2 56. Rxg5+ Kf6 57. Rg8 h5 58. h4 Ra4 59. g3 Ra2 60. Rg5 Rg2 61. Ke3 Ke6 62. f4 exf4+ 63. Kxf4 Rf2+ 64. Ke4 Re2+ 65. Kf3 Re5 66. Kf4 1-0

[Event "Warsaw Najdorf Memorial op-A 19th"]
[Site "Warsaw"]
[Date "2022.07.12"]
[Round "4"]
[White "Markiewicz, Jerzy"]
[Black "Dovzhenko, Alexander"]
[Result "1/2-1/2"]
[WhiteElo "2205"]
[BlackElo "1973"]
[PlyCount "66"]
[EventDate "2022.07.09"]
[EventType "swiss"]
[EventRounds "9"]
[EventCountry "POL"]
[SourceTitle "CBM 209 Extra"]
[Source "ChessBase"]
[SourceDate "2022.09.30"]
[SourceVersion "1"]
[SourceVersionDate "2022.09.30"]
[SourceQuality "1"]

1. e4 c5 2. Nf3 Nc6 3. d4 cxd4 4. Nxd4 e5 5. Nb5 a6 6. Nd6+ Bxd6 7. Qxd6 Qf6 8. Qxf6 Nxf6 9. Nc3 b5 10. f3 Bb7 11. Bg5 Nd4 12. 0-0-0 Rc8 13. a3 Ne6 14. Bxf6 gxf6 15. Nd5 Bxd5 16. Rxd5 Ke7 17. c3 Rhd8 18. g3 Nc7 19. Rd2 a5 20. b4 axb4 21. axb4 d5 22. Bh3 Ne6 23. Kb2 d4 24. cxd4 Rc4 25. Bxe6 fxe6 26. d5 Rxb4+ 27. Kc3 Rc4+ 28. Kb3 exd5 29. exd5 Ra8 30. d6+ Kd7 31. Rd5 Kc6 32. Rhd1 Raa4 33. d7 Rab4+ 1/2-1/2

[Event "POL-chT 1st League"]
[Site "Szklarska Poreba"]
[Date "2021.09.11"]
[Round "8.13"]
[White "Cajbel, Maciej"]
[Black "Markiewicz, Jerzy"]
[Result "1/2-1/2"]
[WhiteElo "2192"]
[BlackElo "2197"]
[PlyCount "54"]
[EventDate "2021.09.04"]
[EventType "team-swiss"]
[EventRounds "9"]
[EventCountry "POL"]
[SourceTitle "CBM 204 Extra"]
[Source "ChessBase"]
[SourceDate "2021.11.30"]
[SourceVersion "1"]
[SourceVersionDate "2021.11.30"]
[SourceQuality "1"]
[WhiteTeam "Debica Gryf"]
[BlackTeam "Pilzno GKSz Hetman"]
[WhiteTeamCountry "POL"]
[BlackTeamCountry "POL"]

1. e4 c5 2. Nc3 e6 3. f4 d5 4. Nf3 dxe4 5. Nxe4 Nf6 6. Bb5+ Bd7 7. Bxd7+ Nbxd7 8. Qe2 Be7 9. f5 Nxe4 10. Qxe4 exf5 11. Qxf5 0-0 12. 0-0 Nb8 13. d3 Nc6 14. Be3 b6 15. c3 Bf6 16. Rad1 Qc8 17. Qh5 Qe6 18. Bg5 Bxg5 19. Nxg5 Qg6 20. Qxg6 hxg6 21. Nf3 Rad8 22. Rd2 Rd6 23. Rfd1 Rfd8 24. d4 cxd4 25. Nxd4 Nxd4 26. Rxd4 Rxd4 27. cxd4 f6 1/2-1/2

[Event "POL-chT 1st League"]
[Site "Szklarska Poreba"]
[Date "2021.09.08"]
[Round "5.10"]
[White "Markiewicz, Jerzy"]
[Black "Dalkowski, Rafal"]
[Result "1/2-1/2"]
[WhiteElo "2197"]
[BlackElo "2252"]
[PlyCount "58"]
[EventDate "2021.09.04"]
[EventType "team-swiss"]
[EventRounds "9"]
[EventCountry "POL"]
[SourceTitle "CBM 204 Extra"]
[Source "ChessBase"]
[SourceDate "2021.11.30"]
[SourceVersion "1"]
[SourceVersionDate "2021.11.30"]
[SourceQuality "1"]
[WhiteTeam "Pilzno GKSz Hetman"]
[BlackTeam "Warszawa Czternastka"]
[WhiteTeamCountry "POL"]
[BlackTeamCountry "POL"]

1. e4 c5 2. Nf3 g6 3. d4 cxd4 4. Nxd4 Nc6 5. c4 Nf6 6. Nc3 Nxd4 7. Qxd4 d6 8. Be3 Bg7 9. f3 0-0 10. Qd2 Be6 11. Rc1 Qa5 12. b3 Rfc8 13. Be2 a6 14. Na4 Qxd2+ 15. Kxd2 Nd7 16. g4 f5 17. gxf5 gxf5 18. Rhg1 Kh8 19. Nc3 fxe4 20. fxe4 b5 21. Nd5 Bxd5 22. exd5 bxc4 23. Rxc4 Rxc4 24. Bxc4 a5 25. Bb5 Ne5 26. Ke2 Bf6 27. a4 Rc8 28. Rc1 Rg8 29. Rg1 Rc8 1/2-1/2

[Event "POL-chT 1st League"]
[Site "Szklarska Poreba"]
[Date "2021.09.05"]
[Round "2.10"]
[White "Ochedzan, Tymon"]
[Black "Markiewicz, Jerzy"]
[Result "1-0"]
[WhiteElo "2300"]
[BlackElo "2197"]
[PlyCount "59"]
[EventDate "2021.09.04"]
[EventType "team-swiss"]
[EventRounds "9"]
[EventCountry "POL"]
[SourceTitle "CBM 204 Extra"]
[Source "ChessBase"]
[SourceDate "2021.11.30"]
[SourceVersion "1"]
[SourceVersionDate "2021.11.30"]
[SourceQuality "1"]
[WhiteTeam "Wroclaw Polonia"]
[BlackTeam "Pilzno GKSz Hetman"]
[WhiteTeamCountry "POL"]
[BlackTeamCountry "POL"]

1. e4 c5 2. Nf3 Nc6 3. d4 cxd4 4. Nxd4 Qb6 5. Nb3 Nf6 6. Nc3 e6 7. Bd3 Be7 8. 0-0 0-0 9. Be3 Qc7 10. f4 d6 11. Qf3 a6 12. Kh1 Nb4 13. g4 b5 14. g5 Nd7 15. a3 Nxd3 16. cxd3 Bb7 17. Rac1 Qd8 18. Kg1 Rc8 19. Qh5 g6 20. Qg4 Nc5 21. Nxc5 dxc5 22. Rfd1 Rc7 23. d4 cxd4 24. Bxd4 Rd7 25. Be3 Rxd1+ 26. Rxd1 Qc7 27. Rd3 Qc6 28. Bd4 a5 29. Qh3 Rc8 30. Qxh7+ 1-0

[Event "POL-chT 2nd League"]
[Site "Poronin"]
[Date "2020.09.09"]
[Round "5.12"]
[White "Gola, Karol"]
[Black "Markiewicz, Jerzy"]
[Result "0-1"]
[WhiteElo "2192"]
[BlackElo "2169"]
[PlyCount "96"]
[EventDate "2020.09.05"]
[EventType "team-swiss"]
[EventRounds "9"]
[EventCountry "POL"]
[SourceTitle "CBM 198 Extra"]
[Source "ChessBase"]
[SourceDate "2020.11.30"]
[SourceVersion "1"]
[SourceVersionDate "2020.11.30"]
[SourceQuality "1"]
[WhiteTeam "Gliwice Politechnika Slaska"]
[BlackTeam "Pilzno GKSz Hetman"]
[WhiteTeamCountry "POL"]
[BlackTeamCountry "POL"]

1. e4 c5 2. Nf3 d6 3. Bb5+ Bd7 4. Bxd7+ Qxd7 5. 0-0 Nc6 6. c3 Nf6 7. Re1 e6 8. d4 cxd4 9. cxd4 d5 10. e5 Ne4 11. Nbd2 Nxd2 12. Bxd2 Be7 13. Rc1 0-0 14. Rc3 Rfc8 15. Qe2 Nb4 16. a3 Rxc3 17. Bxc3 Nc6 18. h4 b5 19. h5 Qb7 20. h6 g6 21. Bd2 a5 22. Rc1 a4 23. Qd3 Rc8 24. Be3 Na7 25. Qd2 Rxc1+ 26. Qxc1 Qc6 27. Qd2 Qc7 28. Bg5 Bf8 29. Nh2 Qc4 30. Ng4 Nc6 31. Nf6+ Kh8 32. Nd7 Kg8 33. Nxf8 Kxf8 34. Qf4 Qxd4 35. Qf6 Qxe5 36. f4 Qxf6 37. Bxf6 Ke8 38. Kf2 Kd7 39. Ke3 Kd6 40. g4 e5 41. fxe5+ Nxe5 42. Kf4 Nc6 43. Bg7 Ke6 44. g5 f5 45. gxf6 Kf7 46. Kf3 g5 47. Ke3 d4+ 48. Ke4 g4 0-1

[Event "POL-chT 2nd League"]
[Site "Jastrzebia Gora"]
[Date "2019.09.07"]
[Round "1.5"]
[White "Kozak, Antoni"]
[Black "Markiewicz, Jerzy"]
[Result "1/2-1/2"]
[WhiteElo "2341"]
[BlackElo "2156"]
[PlyCount "80"]
[EventDate "2019.09.07"]
[EventType "team-swiss"]
[EventRounds "9"]
[EventCountry "POL"]
[SourceTitle "EXT 2020"]
[Source "ChessBase"]
[SourceDate "2019.10.17"]
[SourceVersion "1"]
[SourceVersionDate "2019.10.17"]
[SourceQuality "1"]
[WhiteTeam "Czarna LKSz"]
[BlackTeam "Pilzno GKSz Hetman"]
[WhiteTeamCountry "POL"]
[BlackTeamCountry "POL"]

1. d4 f5 2. g3 Nf6 3. Bg2 e6 4. Nf3 Be7 5. 0-0 0-0 6. c4 d6 7. Nc3 Ne4 8. Bd2 Bf6 9. Qc2 d5 10. Bf4 c6 11. Rad1 g5 12. Be5 Nd7 13. Bxf6 Qxf6 14. Nd2 Nxd2 15. Qxd2 f4 16. Bf3 Qg6 17. e4 g4 18. Bh1 f3 19. exd5 Nb6 20. dxc6 Nxc4 21. Qc1 bxc6 22. Rfe1 Nb6 23. Re5 Rf5 24. h3 h5 25. Ne4 Bd7 26. Nd6 Rxe5 27. dxe5 Nd5 28. Rd4 Rb8 29. Ne4 Be8 30. a3 Rb7 31. Nd6 Rg7 32. Re4 Bd7 33. Qc4 Qg5 34. b4 Qd2 35. hxg4 hxg4 36. Rxg4 Qe1+ 37. Kh2 Qxf2+ 38. Kh3 Ne3 39. Rxg7+ Kxg7 40. Qf4 Qf1+ 1/2-1/2

[Event "Warsaw Najdorf Memorial op-A 17th"]
[Site "Warsaw"]
[Date "2019.07.12"]
[Round "7"]
[White "Markiewicz, Jerzy"]
[Black "Miroshnichenko, Pavel"]
[Result "1/2-1/2"]
[WhiteElo "2170"]
[BlackElo "2300"]
[PlyCount "114"]
[EventDate "2019.07.06"]
[EventType "swiss"]
[EventRounds "9"]
[EventCountry "POL"]
[SourceTitle "CBM 191 Extra"]
[Source "ChessBase"]
[SourceDate "2019.09.30"]
[SourceVersion "1"]
[SourceVersionDate "2019.09.30"]
[SourceQuality "1"]

1. e4 e5 2. Nf3 Nc6 3. Bb5 a6 4. Ba4 Nf6 5. 0-0 Be7 6. Re1 b5 7. Bb3 d6 8. c3 0-0 9. d4 Bg4 10. d5 Na5 11. Bc2 c6 12. h3 Bc8 13. dxc6 Qc7 14. Nbd2 Qxc6 15. Nf1 Re8 16. Bg5 h6 17. Bxf6 Bxf6 18. Ne3 Be6 19. Nd5 Bd8 20. Nd2 Rc8 21. a4 Qb7 22. axb5 axb5 23. b4 Nc4 24. Nxc4 Rxc4 25. Ra3 Qc8 26. Bb3 Rc6 27. Qd3 Rf8 28. Qxb5 Bxd5 29. Bxd5 Rxc3 30. Rxc3 Qxc3 31. Re3 Qd4 32. g3 Qa7 33. Rf3 Kh7 34. Qc6 f6 35. b5 Bc7 36. Qd7 Bb6 37. Qxd6 Rc8 38. Qe6 Rd8 39. Qf5+ Kh8 40. Qg6 Qd7 41. Kg2 Rf8 42. Bc6 Qf7 43. Qg4 h5 44. Qd7 Qxd7 45. Bxd7 Rd8 46. Rd3 Bd4 47. Bc6 Kg8 48. h4 Kf8 49. Ra3 Bc5 50. Rc3 Bd4 51. Rc2 Rc8 52. f4 Ke7 53. f5 Rc7 54. Ra2 Ra7 55. Ra6 Kd8 56. Bd5 Rxa6 57. bxa6 Kc7 1/2-1/2

[Event "Warsaw Najdorf Memorial op-A 17th"]
[Site "Warsaw"]
[Date "2019.07.10"]
[Round "5"]
[White "Markiewicz, Jerzy"]
[Black "Dwilewicz, Katarzyna"]
[Result "1-0"]
[WhiteElo "2170"]
[BlackElo "2050"]
[PlyCount "107"]
[EventDate "2019.07.06"]
[EventType "swiss"]
[EventRounds "9"]
[EventCountry "POL"]
[SourceTitle "CBM 191 Extra"]
[Source "ChessBase"]
[SourceDate "2019.09.30"]
[SourceVersion "1"]
[SourceVersionDate "2019.09.30"]
[SourceQuality "1"]

1. e4 e5 2. Nf3 Nc6 3. Bb5 a6 4. Ba4 Nf6 5. 0-0 Be7 6. Re1 b5 7. Bb3 0-0 8. d4 d6 9. c3 Bg4 10. Be3 Bh5 11. Nbd2 Re8 12. h3 exd4 13. cxd4 Na5 14. Bc2 Bg6 15. d5 Bf8 16. b4 Nb7 17. Bg5 h6 18. Bxf6 Qxf6 19. Nb3 a5 20. a3 axb4 21. axb4 Rxa1 22. Qxa1 Qxa1 23. Nxa1 Nd8 24. Nd4 f5 25. f3 fxe4 26. Bxe4 Nf7 27. Nac2 Bxe4 28. Rxe4 Rxe4 29. fxe4 Ng5 30. Nxb5 Nxe4 31. Nxc7 Kf7 32. b5 Be7 33. Ne6 Bh4 34. g3 Bxg3 35. Kg2 Be5 36. b6 Nc5 37. Nd8+ Kf6 38. Kf3 Bc3 39. b7 Nxb7 40. Nxb7 Ke5 41. Ne3 Bd4 42. Nd8 Bxe3 43. Kxe3 Kxd5 44. Kf4 Kc4 45. Ne6 d5 46. Nxg7 d4 47. Nf5 h5 48. h4 d3 49. Ne3+ Kc3 50. Nf1 Kc2 51. Ke3 Kc3 52. Ng3 Kc4 53. Nxh5 Kc3 54. Ng3 1-0

[Event "Warsaw Najdorf Memorial op-A 17th"]
[Site "Warsaw"]
[Date "2019.07.08"]
[Round "3"]
[White "Markiewicz, Jerzy"]
[Black "Krasiewicz, Robert"]
[Result "0-1"]
[WhiteElo "2170"]
[BlackElo "2017"]
[PlyCount "42"]
[EventDate "2019.07.06"]
[EventType "swiss"]
[EventRounds "9"]
[EventCountry "POL"]
[SourceTitle "CBM 191 Extra"]
[Source "ChessBase"]
[SourceDate "2019.09.30"]
[SourceVersion "1"]
[SourceVersionDate "2019.09.30"]
[SourceQuality "1"]

1. e4 e6 2. d4 d5 3. Nd2 Nc6 4. Ngf3 Nf6 5. e5 Nd7 6. c3 f6 7. exf6 Qxf6 8. Be2 Bd6 9. Nf1 0-0 10. Ne3 Qf7 11. 0-0 Nf6 12. c4 Bd7 13. Qb3 b6 14. Rd1 h6 15. Bd2 Ne7 16. Ne5 Bxe5 17. dxe5 Ne4 18. Be1 Nxf2 19. Rdc1 d4 20. Bf3 dxe3 21. Qxe3 Nh3+ 0-1

[Event "POL-chT 2nd League"]
[Site "Jastrzebia Gora"]
[Date "2018.09.09"]
[Round "9.6"]
[White "Wlodarczyk, Oskar"]
[Black "Markiewicz, Jerzy"]
[Result "1/2-1/2"]
[WhiteElo "2281"]
[BlackElo "2170"]
[PlyCount "107"]
[EventDate "2018.09.01"]
[EventType "team-swiss"]
[EventRounds "9"]
[EventCountry "POL"]
[SourceTitle "CBM 186 Extra"]
[Source "ChessBase"]
[SourceDate "2018.08.24"]
[SourceVersion "1"]
[SourceVersionDate "2018.08.24"]
[SourceQuality "1"]
[WhiteTeam "Ostrow Wielkopolski"]
[BlackTeam "Pilzno GKSz Hetman"]
[WhiteTeamCountry "POL"]
[BlackTeamCountry "POL"]

1. e4 c5 2. c3 d5 3. exd5 Qxd5 4. d4 Nf6 5. Nf3 e6 6. Be2 Nc6 7. 0-0 Be7 8. c4 Qd8 9. dxc5 Qxd1 10. Rxd1 Bxc5 11. Nc3 a6 12. Bg5 h6 13. Bh4 Bd7 14. a3 g5 15. Bg3 Nh5 16. Ne4 Nxg3 17. hxg3 Be7 18. Nd6+ Bxd6 19. Rxd6 Ke7 20. Rad1 Rhd8 21. b4 Be8 22. c5 Rxd6 23. cxd6+ Kd8 24. Nd2 Nd4 25. Bh5 Ba4 26. Re1 f5 27. Nc4 b5 28. Ne5 Rc8 29. d7 Rc3 30. Be8 Nc6 31. Nf7+ Ke7 32. Nxh6 Bc2 33. Ng8+ Kd6 34. Nh6 Nd8 35. Rc1 g4 36. f3 gxf3 37. gxf3 Rc4 38. Kf2 Ke7 39. Ng8+ Kf8 40. Nf6 Ke7 41. Nh5 e5 42. Re1 Kd6 43. f4 Be4 44. Nf6 exf4 45. Nxe4+ Rxe4 46. Rxe4 fxg3+ 47. Kxg3 fxe4 48. Kf4 Nc6 49. Kxe4 Nd8 50. Bh5 Kxd7 51. Kd5 Kc7 52. Bf3 Nb7 53. Kd4 Nd6 54. Be2 1/2-1/2

[Event "EU-ch rapid"]
[Site "Katowice"]
[Date "2017.12.16"]
[Round "4"]
[White "Sammalvuo, Tapani"]
[Black "Markiewicz, Jerzy"]
[Result "1/2-1/2"]
[WhiteElo "2416"]
[BlackElo "2170"]
[PlyCount "73"]
[EventDate "2017.12.16"]
[EventType "swiss (rapid)"]
[EventRounds "11"]
[EventCountry "POL"]
[SourceTitle "CBM 182 Extra"]
[Source "ChessBase"]
[SourceDate "2018.02.23"]
[SourceVersion "1"]
[SourceVersionDate "2018.02.23"]
[SourceQuality "1"]

1. d4 Nf6 2. c4 g6 3. Nc3 Bg7 4. e4 0-0 5. Be2 d6 6. Nf3 e5 7. 0-0 Nbd7 8. Be3 Ng4 9. Bg5 f6 10. Bd2 c6 11. d5 c5 12. Ne1 Nh6 13. Nd3 a6 14. Rb1 f5 15. f4 Qe7 16. fxe5 Nxe5 17. Nxe5 Bxe5 18. g3 Ng4 19. Bxg4 fxg4 20. Rxf8+ Qxf8 21. Kg2 Bd7 22. Qe2 Qg7 23. Rf1 Rf8 24. Rxf8+ Qxf8 25. Nd1 b5 26. Bc3 Qf6 27. Qf2 Bxc3 28. bxc3 Qe5 29. Qf4 Qe7 30. Nf2 h5 31. Nd1 Kg7 32. Ne3 Qf6 33. Kf2 Qxc3 34. Qxd6 Qd2+ 35. Kf1 Qd3+ 36. Kf2 Qd2+ 37. Kf1 1/2-1/2

[Event "POL-chT 2nd League"]
[Site "Jastrzebia Gora"]
[Date "2016.09.07"]
[Round "5.85"]
[White "Zakrzewski, Marek"]
[Black "Markiewicz, Jerzy"]
[Result "1-0"]
[WhiteElo "2233"]
[BlackElo "2237"]
[PlyCount "51"]
[EventDate "2016.09.03"]
[EventType "team-swiss"]
[EventRounds "9"]
[EventCountry "POL"]
[SourceTitle "EXT 2017"]
[Source "ChessBase"]
[SourceDate "2016.10.25"]
[SourceVersion "1"]
[SourceVersionDate "2016.10.25"]
[SourceQuality "1"]
[WhiteTeam "Steszew Lipno"]
[BlackTeam "Pilzno GKSz Hetman"]
[WhiteTeamCountry "POL"]
[BlackTeamCountry "POL"]

1. e4 c5 2. Nf3 e6 3. d4 cxd4 4. Nxd4 Nc6 5. Nc3 Qc7 6. f4 a6 7. Nxc6 Qxc6 8. Bd3 b5 9. Qe2 Bb7 10. Bd2 b4 11. Nd5 Nf6 12. Nxf6+ gxf6 13. 0-0-0 h5 14. Kb1 Bc5 15. Rhe1 Qb6 16. Bc4 a5 17. Qd3 Bc6 18. f5 e5 19. Qg3 0-0-0 20. Qg7 Rhg8 21. Qxf6 Bd4 22. Bg5 Qc5 23. Bd3 a4 24. h4 a3 25. Qxf7 d5 26. Qe6+ 1-0

[Event "POL-chT 2nd League"]
[Site "Jastrzebia Gora"]
[Date "2015.09.12"]
[Round "8.51"]
[White "Skomial, Mateusz"]
[Black "Markiewicz, Jerzy"]
[Result "1/2-1/2"]
[WhiteElo "2025"]
[BlackElo "2251"]
[PlyCount "150"]
[EventDate "2015.09.05"]
[EventType "team-swiss"]
[EventRounds "9"]
[EventCountry "POL"]
[SourceTitle "EXT 2017"]
[Source "ChessBase"]
[SourceDate "2016.10.25"]
[SourceVersion "1"]
[SourceVersionDate "2016.10.25"]
[SourceQuality "1"]
[WhiteTeam "Stara Wies Parnas"]
[BlackTeam "Pilzno GKSz Hetman"]
[WhiteTeamCountry "POL"]
[BlackTeamCountry "POL"]

1. e4 c5 2. c4 Nc6 3. Ne2 g6 4. d4 cxd4 5. Nxd4 Bg7 6. Nxc6 bxc6 7. Bd3 Nf6 8. 0-0 d6 9. Nc3 0-0 10. Qc2 Qa5 11. Ne2 Ng4 12. h3 Ne5 13. Bd2 Qb6 14. Bc3 Ba6 15. b3 d5 16. exd5 cxd5 17. Bd4 dxc4 18. Bxc4 Qb7 19. Qc3 Bxc4 20. bxc4 f6 21. c5 Nc6 22. Qc4+ Kh8 23. Bc3 e5 24. Rab1 Qf7 25. Qa6 Rac8 26. Rfd1 Rc7 27. Nc1 Rfc8 28. Nb3 Bf8 29. Qa3 Kg8 30. Rbc1 Rd7 31. Qa4 Rd5 32. Rxd5 Qxd5 33. Bd2 f5 34. g3 h5 35. Bg5 Rc7 36. Qa6 Kh7 37. Qe2 Rd7 38. g4 hxg4 39. hxg4 Qd3 40. Qxd3 Rxd3 41. Kf1 Kg8 42. Rc4 Kf7 43. Ra4 Ke6 44. Na5 Rd4 45. Rxd4 Nxd4 46. gxf5+ gxf5 47. c6 Bc5 48. c7 Kd7 49. Bf6 e4 50. Nb7 Ne6 51. Nxc5+ Nxc5 52. Bd4 Nd3 53. Bxa7 Kxc7 54. Bd4 Kc6 55. a3 Kd5 56. Bg7 Kc4 57. Ke2 Nf4+ 58. Ke3 Nd5+ 59. Ke2 f4 60. Bh6 f3+ 61. Kd2 Kb3 62. Bf8 Kc4 63. Bh6 Nf6 64. Be3 Nd5 65. Bh6 Nc3 66. Ke1 Kd3 67. Be3 Na4 68. Bh6 Kc2 69. Bg7 Nc5 70. Bf6 Nd3+ 71. Kf1 Kd1 72. a4 Nc5 73. a5 Kd2 74. Bd4 Na6 75. Bb6 Kd3 1/2-1/2

[Event "POL-chT 2nd League"]
[Site "Jastrzebia Gora"]
[Date "2015.09.06"]
[Round "2.3"]
[White "Goluch, Piotr"]
[Black "Markiewicz, Jerzy"]
[Result "1/2-1/2"]
[WhiteElo "2270"]
[BlackElo "2251"]
[PlyCount "92"]
[EventDate "2015.09.05"]
[EventType "team-swiss"]
[EventRounds "9"]
[EventCountry "POL"]
[SourceTitle "EXT 2017"]
[Source "ChessBase"]
[SourceDate "2016.10.25"]
[SourceVersion "1"]
[SourceVersionDate "2016.10.25"]
[SourceQuality "1"]
[WhiteTeam "Kopernik WKS"]
[BlackTeam "Pilzno GKSz Hetman"]
[WhiteTeamCountry "POL"]
[BlackTeamCountry "POL"]

1. d4 Nf6 2. c4 c5 3. Nf3 cxd4 4. Nxd4 g6 5. g3 Bg7 6. Bg2 Nc6 7. Nc3 0-0 8. 0-0 Nxd4 9. Qxd4 d6 10. Qh4 Rb8 11. Bg5 Be6 12. Rac1 Qa5 13. a3 Rfc8 14. Nb5 h6 15. Bxh6 Bxh6 16. Qxh6 Rxc4 17. Rxc4 Bxc4 18. Nc3 Qe5 19. Qd2 b6 20. Rd1 Kg7 21. e4 Rc8 22. h3 Bb3 23. Re1 a5 24. Re3 Qc5 25. Qe2 Bc4 26. Qe1 e5 27. Qd2 b5 28. Bf3 b4 29. axb4 axb4 30. Na4 Qb5 31. b3 Bxb3 32. Rxb3 Qxa4 33. Rxb4 Qa1+ 34. Kg2 Rc1 35. Kh2 Qc3 36. Qxc3 Rxc3 37. Kg2 Rd3 38. Be2 Rd2 39. Kf3 d5 40. exd5 Nxd5 41. Re4 f6 42. Bc4 Nc3 43. Re1 Rd4 44. Bf1 Rd1 45. Rxd1 Nxd1 46. Ke2 Kg8 1/2-1/2

[Event "POL-chT 2nd League"]
[Site "Szczyrk"]
[Date "2014.09.13"]
[Round "8.39"]
[White "Rzepka, Krzysztof"]
[Black "Markiewicz, Jerzy"]
[Result "1/2-1/2"]
[WhiteElo "2195"]
[BlackElo "2207"]
[PlyCount "62"]
[EventDate "2014.09.06"]
[EventType "team-swiss"]
[EventRounds "9"]
[EventCountry "POL"]
[SourceTitle "EXT 2015"]
[Source "ChessBase"]
[SourceDate "2014.11.20"]
[SourceVersion "1"]
[SourceVersionDate "2014.11.20"]
[SourceQuality "1"]
[WhiteTeam "Mikolow AKS"]
[BlackTeam "Pilzno GKSz Hetman"]
[WhiteTeamCountry "POL"]
[BlackTeamCountry "POL"]

1. d4 Nf6 2. c4 g6 3. Nc3 Bg7 4. Nf3 0-0 5. g3 d6 6. Bg2 Nc6 7. 0-0 e5 8. dxe5 dxe5 9. Qxd8 Rxd8 10. Bg5 Be6 11. b3 h6 12. Bxf6 Bxf6 13. Rad1 Nd4 14. Nxd4 exd4 15. Nb5 c6 16. Nc7 Rac8 17. Nxe6 fxe6 18. e3 dxe3 19. fxe3 Rxd1 20. Rxd1 Rd8 21. Rxd8+ Bxd8 22. Kf2 Be7 23. Be4 Kf7 24. Bc2 Kf6 25. Kf3 Bd6 26. Be4 Bc5 27. Bc2 Bd6 28. Be4 Bc5 29. Bc2 Bd6 30. Be4 Bc5 31. Bc2 Bd6 1/2-1/2